5HLuxD.jpg

KING HENRY VIII SENIOR AND PRIMARY SCHOOL LIBRARY OPAC

WJEC physics for A2 level / (Record no. 339)

000 -LEADER
fixed length control field 01158nam a2200361 i 4500
001 - CONTROL NUMBER
control field 020679447
003 - CONTROL NUMBER IDENTIFIER
control field UkOxU
005 - DATE AND TIME OF LATEST TRANSACTION
control field 20190806143950.0
008 - FIXED-LENGTH DATA ELEMENTS--GENERAL INFORMATION
fixed length control field 180214s2016 enka 001 0 eng d
020 ## - INTERNATIONAL STANDARD BOOK NUMBER
International Standard Book Number 9781908682598
Qualifying information paperback
020 ## - INTERNATIONAL STANDARD BOOK NUMBER
International Standard Book Number 1908682590
Qualifying information paperback
035 ## - SYSTEM CONTROL NUMBER
System control number (UK-WkNB)9781908682598
035 ## - SYSTEM CONTROL NUMBER
System control number (StEdALDL)1/3468779
040 ## - CATALOGING SOURCE
Original cataloging agency UK-WkNB
Language of cataloging eng
Description conventions rda
Transcribing agency UK-WkNB
Modifying agency UkOxU
049 ## - LOCAL HOLDINGS (OCLC)
Holding library CROBAR
082 04 - DEWEY DECIMAL CLASSIFICATION NUMBER
Classification number 530 KEL
Edition number 23
100 1# - MAIN ENTRY--PERSONAL NAME
Personal name Kelly, Gareth,
Relator term author.
245 10 - TITLE STATEMENT
Title WJEC physics for A2 level /
Statement of responsibility, etc. Gareth Kelly and Nigel Wood.
264 #1 - PRODUCTION, PUBLICATION, DISTRIBUTION, MANUFACTURE, AND COPYRIGHT NOTICE
Place of production, publication, distribution, manufacture Cheltenham :
Name of producer, publisher, distributor, manufacturer Illuminate Publishing,
Date of production, publication, distribution, manufacture, or copyright notice 2016.
300 ## - PHYSICAL DESCRIPTION
Extent 304 pages :
Other physical details ilustrations ;
Dimensions 28 cm
336 ## - CONTENT TYPE
Content type term text
Source rdacontent
337 ## - MEDIA TYPE
Media type term unmediated
Source rdamedia
338 ## - CARRIER TYPE
Carrier type term volume
Source rdacarrier
500 ## - GENERAL NOTE
General note "Endorsed by WJEC CBAC"--Cover.
500 ## - GENERAL NOTE
General note Includes index.
650 #0 - SUBJECT ADDED ENTRY--TOPICAL TERM
Topical term or geographic name entry element Physics
Form subdivision Problems, exercises, etc.
700 1# - ADDED ENTRY--PERSONAL NAME
Personal name Wood, Nigel
Titles and other words associated with a name (Physics teacher),
Relator term author.
710 2# - ADDED ENTRY--CORPORATE NAME
Corporate name or jurisdiction name as entry element Welsh Joint Education Committee,
Relator term sponsoring body.
942 ## - ADDED ENTRY ELEMENTS (KOHA)
Source of classification or shelving scheme
Koha item type Books - Non Ficton
980 ## - EQUIVALENCE OR CROSS-REFERENCE-SERIES STATEMENT--PERSONAL NAME/TITLE [LOCAL, CANADA]
Miscellaneous information 1
Date of a work 1/3468779
981 ## - EQUIVALENCE OR CROSS-REFERENCE-SERIES STATEMENT--CORPORATE NAME/TITLE [LOCAL, CANADA]
Date of meeting or treaty signing Agency file oxf2016-41.1
Holdings
Withdrawn status Lost status Source of classification or shelving scheme Damaged status Not for loan Collection code Permanent Location Current Location Shelving location Date acquired Full call number Barcode Date last seen Price effective from Koha item type
          Non-Fiction KH8 Senior School Library KH8 Senior School Library Non Fiction 2019-08-06 530 KEL 3KHSL000100327 2019-08-06 2019-08-06 Books - Non Ficton
          Teaching Resources KH8 Senior School Library KH8 Senior School Library Staff Office 2023-07-20 530 KEL TRKHSL000958 2023-07-20 2023-07-20 Teaching Resources

Powered By KH8 IT Dept